<?xml version="1.0" encoding="UTF-8"?>
<record
    xmlns:xsi="http://www.w3.org/2001/XMLSchema-instance"
    xsi:schemaLocation="http://www.loc.gov/MARC21/slim http://www.loc.gov/standards/marcxml/schema/MARC21slim.xsd"
    xmlns="http://www.loc.gov/MARC21/slim">

  <leader>00962na  a2200289   4500</leader>
  <controlfield tag="001">13386</controlfield>
  <controlfield tag="003">MIRAKIL</controlfield>
  <controlfield tag="005">20181213154820.0</controlfield>
  <controlfield tag="008">161010b        tu            000 0      </controlfield>
  <datafield tag="020" ind1=" " ind2=" ">
    <subfield code="a">9789944405416</subfield>
  </datafield>
  <datafield tag="035" ind1=" " ind2=" ">
    <subfield code="a">13386</subfield>
  </datafield>
  <datafield tag="040" ind1=" " ind2=" ">
    <subfield code="a">Milas</subfield>
    <subfield code="b">tur</subfield>
    <subfield code="c">TR-AnCHP</subfield>
  </datafield>
  <datafield tag="041" ind1=" " ind2=" ">
    <subfield code="a">tur</subfield>
  </datafield>
  <datafield tag="082" ind1=" " ind2=" ">
    <subfield code="a">305.3</subfield>
    <subfield code="b">T97t 2008</subfield>
  </datafield>
  <datafield tag="090" ind1=" " ind2=" ">
    <subfield code="a">305.3 T97t 2008</subfield>
  </datafield>
  <datafield tag="110" ind1=" " ind2=" ">
    <subfield code="a">T&#xDC;S&#x130;AD</subfield>
  </datafield>
  <datafield tag="245" ind1=" " ind2=" ">
    <subfield code="a">T&#xFC;rkiye'de toplumsal cinsiyet e&#x15F;itsizli&#x11F;i: Sorunlar, &#xF6;ncelikler ve &#xE7;&#xF6;z&#xFC;m &#xF6;nerileri</subfield>
    <subfield code="b">"Kad&#x131;n - erkek e&#x15F;itli&#x11F;ine do&#x11F;ru y&#xFC;r&#xFC;y&#xFC;&#x15F;:e&#x11F;itim, &#xE7;al&#x131;&#x15F;ma ya&#x15F;am&#x131; ve siyaset" raporunun g&#xFC;ncellemesi</subfield>
    <subfield code="c">T&#xDC;S&#x130;AD, KAG&#x130;DER</subfield>
  </datafield>
  <datafield tag="260" ind1=" " ind2=" ">
    <subfield code="a">&#x130;stanbul</subfield>
    <subfield code="b">T&#xDC;S&#x130;AD</subfield>
    <subfield code="c">2008</subfield>
  </datafield>
  <datafield tag="300" ind1=" " ind2=" ">
    <subfield code="a">383 s.</subfield>
    <subfield code="b">tbl.</subfield>
    <subfield code="c">28 sm.</subfield>
  </datafield>
  <datafield tag="490" ind1=" " ind2=" ">
    <subfield code="a">T&#xDC;S&#x130;AD-T</subfield>
    <subfield code="v">468</subfield>
  </datafield>
  <datafield tag="490" ind1=" " ind2=" ">
    <subfield code="a"> KAG&#x130;DER</subfield>
    <subfield code="v">001</subfield>
  </datafield>
  <datafield tag="504" ind1=" " ind2=" ">
    <subfield code="a">Kaynak&#xE7;a var.</subfield>
  </datafield>
  <datafield tag="610" ind1=" " ind2=" ">
    <subfield code="a">T&#xFC;rkiye Kad&#x131;n Giri&#x15F;imciler Derne&#x11F;i (KAG&#x130;DER)</subfield>
  </datafield>
  <datafield tag="650" ind1=" " ind2=" ">
    <subfield code="a">Siyasal kat&#x131;l&#x131;m</subfield>
  </datafield>
  <datafield tag="650" ind1=" " ind2=" ">
    <subfield code="a">&#x130;&#x15F;g&#xFC;c&#xFC;ne kat&#x131;l&#x131;m ve istihdam</subfield>
  </datafield>
  <datafield tag="942" ind1=" " ind2=" ">
    <subfield code="2">dcc</subfield>
    <subfield code="c">BKS</subfield>
  </datafield>
  <datafield tag="952" ind1=" " ind2=" ">
    <subfield code="a">0001</subfield>
    <subfield code="b">0001</subfield>
    <subfield code="d">2016-08-13</subfield>
    <subfield code="e">2</subfield>
    <subfield code="l">0</subfield>
    <subfield code="o">305.3 T97t 2008</subfield>
    <subfield code="p">001164</subfield>
    <subfield code="r">2016-08-13 00:00:00</subfield>
    <subfield code="v">0.00</subfield>
    <subfield code="w">2016-08-13</subfield>
    <subfield code="y">BKS</subfield>
  </datafield>
  <datafield tag="952" ind1=" " ind2=" ">
    <subfield code="a">0001</subfield>
    <subfield code="b">0001</subfield>
    <subfield code="d">2016-12-28</subfield>
    <subfield code="e">2</subfield>
    <subfield code="l">0</subfield>
    <subfield code="o">305.3 T97t 2008</subfield>
    <subfield code="p">010351</subfield>
    <subfield code="r">2016-12-28 00:00:00</subfield>
    <subfield code="t">k.2</subfield>
    <subfield code="v">0.00</subfield>
    <subfield code="w">2016-12-28</subfield>
    <subfield code="y">BKS</subfield>
  </datafield>
  <datafield tag="999" ind1=" " ind2=" ">
    <subfield code="c">1356</subfield>
    <subfield code="d">1356</subfield>
  </datafield>
</record>
